Why the weather? /

Bibliographic Details
Main Author: Brooks, Charles Franklin, 1891-1958
Format: Book
Language:English
Published: New York : Harcourt, Brace and company, 1924.
Subjects:

MARC

Tag First Indicator Second Indicator Subfields
LEADER 00000cam a2200000 4500
001 in00000045670
005 20151007075211.0
008 720414s1924 nyuaf 00010 eng u
010 |a  24022933  
035 |a (OCoLC)00284494 
035 |9 AAF2808AM 
040 |c YNG  |d TXA  |d UtOrBLW 
049 |a TXAM  |c [36348] 
050 0 |a QC863  |b .B88 
092 |a 551.5  |b B873w 
100 1 |a Brooks, Charles Franklin,  |d 1891-1958. 
245 1 0 |a Why the weather? /  |c by Charles Franklin Brooks ... with the collaboration of John Nelson and others; illustrated with photographs. 
264 1 |a New York :  |b Harcourt, Brace and company,  |c 1924. 
300 |a xvi, 310 pages including frontispiece, illustrations plates. ;  |c 20 cm. 
336 |a text  |b txt  |2 rdacontent 
337 |a unmediated  |b n  |2 rdamedia 
338 |a volume  |b nc  |2 rdacarrier 
650 0 |a Meteorology. 
999 |a MARS 
999 f f |s 205c14e3-bd34-3b66-b1f8-aed29efafa0e  |i 11758b74-f232-3bcb-a049-979ced506fac  |t 0 
952 f f |p ric  |a Texas A&M University  |b Rellis Campus  |c Joint Library Facility  |d Remote Storage  |t 0  |e QC863 .B88  |h Library of Congress classification  |i unmediated -- volume  |m A14800953234 
998 f f |a QC863 .B88  |t 0  |l Remote Storage